000 00585nam a2200181 4500
999 _c163392
_d163392
005 20190412125204.0
010 _aENG-125046
020 _a9789350579060
_c195.00
035 _aEN-108578
037 _bDBAD/PUB
082 _a613.96
100 _aSharma, Hari Dutt
245 _aSexual pleasure in intercourse/
_cby Hari Datt Sharma
260 _aNew Delhi
_bV&S Publishers
_c110002
270 _aF-2/16, Ansari Road, Daryaganj
_bNew Delhi
_e110002
_k011-23240026, 011-23240027
_minfo@vspublishers.com
300 _a75p.
_c22cm(Pbk)
942 _2ddc
_cEN
_h613.96
_mSHA